000 00690nam a2200253Ia 4500
003 OSt
005 20221006145031.0
006 a|||||r|||| 00| 0
007 ta
008 221006b |||||||| |||| 00| 0 eng d
020 _a0719549043
_c1011.00
024 _a13,563
037 _cTextual
040 _aEASL
_cEASL
_beng
041 _2eng
_aeng
082 _aV49B.N92, N3
100 _aCOTTERELL Arthur
245 0 _aEast Asia
_b From Chinese predominance to the rise of the Pacific rim
260 _aLondon
_bJhon Murray
_c1993
300 _a330p.
_ccm.
490 _v CEL
942 _hV49B.N92, N3
_cTEXL
_2CC
999 _c1081649
_d1081649